<?xml version="1.0" encoding="UTF-8"?>
<collection xmlns="http://www.loc.gov/MARC21/slim">
 <record>
  <leader>00917nam a2200193 a 4500</leader>
  <controlfield tag="001">1/9091</controlfield>
  <controlfield tag="008">831222s1983    fr a     b   i00000 eng  </controlfield>
  <datafield tag="020" ind1=" " ind2=" ">
   <subfield code="a">9264125035 (pbk.)</subfield>
  </datafield>
  <datafield tag="035" ind1=" " ind2=" ">
   <subfield code="l">9413</subfield>
  </datafield>
  <datafield tag="040" ind1=" " ind2=" ">
   <subfield code="a">DLC</subfield>
   <subfield code="b">GR-PeUP</subfield>
  </datafield>
  <datafield tag="082" ind1="0" ind2="0">
   <subfield code="a">304.2 EN</subfield>
  </datafield>
  <datafield tag="245" ind1="0" ind2="0">
   <subfield code="a">Environmental policies in Greece :</subfield>
   <subfield code="b">a review /</subfield>
   <subfield code="c">by the OECD and its Environment Committee undertaken in 1982/1983 at the request of the government of Greece.</subfield>
  </datafield>
  <datafield tag="260" ind1="0" ind2=" ">
   <subfield code="a">Paris, France :</subfield>
   <subfield code="b">Organisation for Economic Co-operation and Development ;</subfield>
   <subfield code="a">[Washington, D.C. :</subfield>
   <subfield code="b">OECD Publications and Information Center, distributor],</subfield>
   <subfield code="c">c1983.</subfield>
  </datafield>
  <datafield tag="300" ind1=" " ind2=" ">
   <subfield code="a">138 p. :</subfield>
   <subfield code="b">ill. (some col.) ;</subfield>
   <subfield code="c">24 cm.</subfield>
  </datafield>
  <datafield tag="504" ind1=" " ind2=" ">
   <subfield code="a">Includes bibliographical references.</subfield>
  </datafield>
  <datafield tag="650" ind1=" " ind2="4">
   <subfield code="a">Environmental policy</subfield>
   <subfield code="z">Greece.</subfield>
  </datafield>
  <datafield tag="651" ind1=" " ind2="0">
   <subfield code="a">Greece.</subfield>
  </datafield>
  <datafield tag="710" ind1="2" ind2="0">
   <subfield code="a">Organisation for Economic Co-operation and Development.</subfield>
   <subfield code="b">Environment Committee.</subfield>
  </datafield>
  <datafield tag="852" ind1=" " ind2=" ">
   <subfield code="a">INST</subfield>
   <subfield code="b">UNIPILB</subfield>
   <subfield code="c">MAIN</subfield>
   <subfield code="e">20040709</subfield>
   <subfield code="h">304.2 EN</subfield>
   <subfield code="p">00125070</subfield>
   <subfield code="q">00125070</subfield>
   <subfield code="t">LOAN</subfield>
   <subfield code="y">0</subfield>
   <subfield code="4">1</subfield>
  </datafield>
 </record>
</collection>
